[Event "Solta op 5th"]
[Site "Grohote"]
[Date "2022.07.04"]
[Round "3"]
[White "Cvitkovic, Filip"]
[Black "Stocko, Josip"]
[Result "0-1"]
[WhiteElo "2160"]
[BlackElo "2256"]
[PlyCount "100"]
[EventDate "2022.07.02"]
[EventType "swiss"]
[EventRounds "9"]
[EventCountry "CRO"]
[SourceTitle "EXT 2023"]
[Source "ChessBase"]
[SourceDate "2022.10.05"]
[SourceVersion "1"]
[SourceVersionDate "2022.10.05"]
[SourceQuality "1"]

1. d4 Nf6 2. c4 e6 3. Nc3 Bb4 4. f3 c5 5. d5 0-0 6. e4 Re8 7. Bd2 d6 8. a3 Ba5 9. Nge2 a6 10. Nf4 exd5 11. cxd5 Nbd7 12. Be2 Ne5 13. h4 c4 14. g4 Nfd7 15. Kf1 Nc5 16. Kg2 Nb3 17. Be3 Nxa1 18. Qxa1 Bb6 19. Qg1 Bxe3 20. Qxe3 b5 21. g5 Rb8 22. Nh5 b4 23. axb4 Rxb4 24. Nd1 Qb6 25. Qf4 Ng6 26. Qg3 a5 27. Rg1 Kh8 28. Kh1 Qd8 29. Bf1 Qe7 30. Bg2 Rb3 31. Qf2 Rd3 32. f4 Bg4 33. Nxg7 Kxg7 34. Ne3 Bh3 35. Nf5+ Bxf5 36. exf5 Qe3 37. Qxe3 Rdxe3 38. fxg6 hxg6 39. f5 gxf5 40. h5 Re1 41. Rxe1 Rxe1+ 42. Kh2 Re2 43. Kg3 Rxb2 44. Bf1 c3 45. h6+ Kh8 46. Bd3 c2 47. Kf4 c1Q+ 48. Kxf5 Rf2+ 49. Kg4 Rg2+ 50. Kf5 Qxg5+ 0-1

[Event "Bosnjaci op 26th"]
[Site "Bosnjaci"]
[Date "2022.01.06"]
[Round "5"]
[White "Stocko, Josip"]
[Black "Ljubicic, Mario"]
[Result "1-0"]
[WhiteElo "2264"]
[BlackElo "2080"]
[PlyCount "63"]
[EventDate "2022.01.03"]
[EventType "swiss"]
[EventRounds "9"]
[EventCountry "CRO"]
[SourceTitle "EXT 2023"]
[Source "ChessBase"]
[SourceDate "2022.10.05"]
[SourceVersion "1"]
[SourceVersionDate "2022.10.05"]
[SourceQuality "1"]

1. e4 e5 2. Nf3 Nc6 3. Bc4 Nf6 4. d3 Bc5 5. c3 a6 6. Bb3 0-0 7. 0-0 d6 8. h3 h6 9. Re1 Ba7 10. Nbd2 Re8 11. Nf1 Be6 12. Bxe6 Rxe6 13. Ng3 Ne7 14. d4 c6 15. c4 exd4 16. Nxd4 Bxd4 17. Qxd4 d5 18. e5 dxc4 19. Qxc4 Nfd5 20. b3 Ng6 21. Bb2 Ndf4 22. Rad1 Qg5 23. Re4 h5 24. h4 Qg4 25. Rdd4 b5 26. Qc1 c5 27. Rxf4 Nxf4 28. Rxf4 Qg6 29. Rf5 Rc8 30. Rg5 Qd3 31. Nxh5 Rg6 32. Nf4 1-0

[Event "Bosnjaci op 26th"]
[Site "Bosnjaci"]
[Date "2022.01.06"]
[Round "6"]
[White "Tica, Sven"]
[Black "Stocko, Josip"]
[Result "1/2-1/2"]
[WhiteElo "2419"]
[BlackElo "2264"]
[PlyCount "71"]
[EventDate "2022.01.03"]
[EventType "swiss"]
[EventRounds "9"]
[EventCountry "CRO"]
[SourceTitle "EXT 2023"]
[Source "ChessBase"]
[SourceDate "2022.10.05"]
[SourceVersion "1"]
[SourceVersionDate "2022.10.05"]
[SourceQuality "1"]

1. d4 Nf6 2. c4 e6 3. g3 d5 4. Bg2 dxc4 5. Nf3 a6 6. 0-0 Nc6 7. e3 Rb8 8. Qe2 b5 9. b3 cxb3 10. axb3 Bb4 11. Bb2 0-0 12. Rd1 Qe7 13. Nbd2 Bb7 14. e4 Na7 15. e5 Nd5 16. Ne4 Nc8 17. Rdc1 c6 18. Ne1 Ncb6 19. Nd3 a5 20. Ndc5 Ra8 21. Nd6 Bc8 22. Qc2 f5 23. Nd3 Bxd6 24. exd6 Qxd6 25. Qxc6 Qxc6 26. Rxc6 a4 27. Nc5 axb3 28. Rxa8 Nxa8 29. Nxe6 Nb4 30. Nxf8 Nxc6 31. Bxc6 Nb6 32. Bxb5 Kxf8 33. Kf1 Be6 34. Ke1 Nc4 35. Bxc4 Bxc4 36. Kd2 1/2-1/2

[Event "Bosnjaci op 26th"]
[Site "Bosnjaci"]
[Date "2022.01.04"]
[Round "2"]
[White "Dvorski, Renato"]
[Black "Stocko, Josip"]
[Result "0-1"]
[WhiteElo "1972"]
[BlackElo "2264"]
[PlyCount "94"]
[EventDate "2022.01.03"]
[EventType "swiss"]
[EventRounds "9"]
[EventCountry "CRO"]
[SourceTitle "EXT 2023"]
[Source "ChessBase"]
[SourceDate "2022.10.05"]
[SourceVersion "1"]
[SourceVersionDate "2022.10.05"]
[SourceQuality "1"]

1. d4 Nf6 2. e3 d5 3. Bd3 g6 4. c3 Bg7 5. f4 0-0 6. Nf3 b6 7. Ne5 Ba6 8. 0-0 Bxd3 9. Qxd3 c5 10. Nd2 Qc8 11. b3 Qa6 12. Bb2 Rc8 13. Qxa6 Nxa6 14. Rac1 Rc7 15. a3 Ne8 16. Nd3 Nd6 17. b4 Rac8 18. Rfe1 e6 19. Kf1 h6 20. Ke2 f6 21. g3 g5 22. Rf1 cxd4 23. cxd4 Nc4 24. Rc2 Nb8 25. Rfc1 Nd7 26. Nxc4 dxc4 27. Nf2 gxf4 28. gxf4 f5 29. Kf3 Nf6 30. Bc3 Nd5 31. Rg1 Kh7 32. Nd1 b5 33. Rcg2 Bf6 34. Rg6 Rg7 35. Rxg7+ Bxg7 36. Rg2 Bf6 37. Rc2 Bh4 38. Rg2 Be7 39. Rc2 a5 40. Rb2 axb4 41. Bxb4 Bxb4 42. axb4 Ra8 43. Ke2 Ra3 44. Rb1 Kg6 45. h3 Kh5 46. Kd2 Kh4 47. Rc1 Kxh3 0-1

[Event "Vojvodina-chT 21st"]
[Site "Backa Palanka"]
[Date "2021.10.27"]
[Round "7.4"]
[White "Krejic, Igor"]
[Black "Stocko, Josip"]
[Result "0-1"]
[WhiteElo "2160"]
[BlackElo "2234"]
[PlyCount "46"]
[EventDate "2021.10.23"]
[EventType "team-tourn"]
[EventRounds "11"]
[EventCountry "SRB"]
[SourceTitle "CBM 204 Extra"]
[Source "ChessBase"]
[SourceDate "2021.11.30"]
[SourceVersion "1"]
[SourceVersionDate "2021.11.30"]
[SourceQuality "1"]
[WhiteTeam "Mladenovo"]
[BlackTeam "Rastina Polet"]
[WhiteTeamCountry "SRB"]
[BlackTeamCountry "SRB"]

1. e4 c5 2. Nf3 d6 3. Bb5+ Nd7 4. 0-0 a6 5. Bc4 e6 6. d4 b5 7. Be2 cxd4 8. Nxd4 Ngf6 9. f3 Bb7 10. a4 b4 11. c3 d5 12. exd5 Nxd5 13. c4 N5f6 14. Kh1 Qc7 15. Be3 Bc5 16. Nd2 Qe5 17. Ne4 Nxe4 18. fxe4 Rd8 19. Nf3 Qxe4 20. Bg5 f6 21. Bd2 Ne5 22. Ne1 Be3 23. Nf3 Rxd2 0-1

[Event "Vojvodina-chT 21st"]
[Site "Backa Palanka"]
[Date "2021.10.26"]
[Round "5.2"]
[White "Stocko, Josip"]
[Black "Mijatovic, Dusan"]
[Result "0-1"]
[WhiteElo "2234"]
[BlackElo "2073"]
[PlyCount "88"]
[EventDate "2021.10.23"]
[EventType "team-tourn"]
[EventRounds "11"]
[EventCountry "SRB"]
[SourceTitle "CBM 204 Extra"]
[Source "ChessBase"]
[SourceDate "2021.11.30"]
[SourceVersion "1"]
[SourceVersionDate "2021.11.30"]
[SourceQuality "1"]
[WhiteTeam "Rastina Polet"]
[BlackTeam "Novi Sad Vojvodina"]
[WhiteTeamCountry "SRB"]
[BlackTeamCountry "SRB"]

1. Nf3 d5 2. g3 Bg4 3. Bg2 Nd7 4. 0-0 c6 5. b3 e5 6. Bb2 Bd6 7. d3 Ngf6 8. Qe1 0-0 9. e4 Re8 10. Nbd2 Qc7 11. h3 Bh5 12. Nh4 Nc5 13. Nf5 Bf8 14. Rb1 a5 15. a3 dxe4 16. dxe4 b5 17. Ba1 Rad8 18. b4 axb4 19. axb4 Ne6 20. c4 Rd3 21. Qc1 Red8 22. Bc3 Qd7 23. Nb3 Nd4 24. Nbxd4 exd4 25. Ba1 Bf3 26. Bxf3 Rxf3 27. Nxd4 Rd3 28. Qc2 Qxh3 29. f3 Qxg3+ 30. Qg2 Qxg2+ 31. Kxg2 R3xd4 32. Bxd4 Rxd4 33. c5 Rd2+ 34. Rf2 Rd3 35. Ra2 Nh5 36. Ra6 Nf4+ 37. Kf2 h5 38. Rxc6 Be7 39. Rh1 Bf6 40. Rd6 Bd4+ 41. Kg3 g5 42. Rb6 Rd2 43. Rh2 h4+ 44. Kg4 Rxh2 0-1

[Event "Vojvodina-chT 21st"]
[Site "Backa Palanka"]
[Date "2021.10.24"]
[Round "3.3"]
[White "Jesenski, Tibor"]
[Black "Stocko, Josip"]
[Result "1-0"]
[WhiteElo "2336"]
[BlackElo "2234"]
[PlyCount "99"]
[EventDate "2021.10.23"]
[EventType "team-tourn"]
[EventRounds "11"]
[EventCountry "SRB"]
[SourceTitle "CBM 204 Extra"]
[Source "ChessBase"]
[SourceDate "2021.11.30"]
[SourceVersion "1"]
[SourceVersionDate "2021.11.30"]
[SourceQuality "1"]
[WhiteTeam "Backa Pacir"]
[BlackTeam "Rastina Polet"]
[WhiteTeamCountry "SRB"]
[BlackTeamCountry "SRB"]

1. d4 Nf6 2. Nf3 e6 3. g3 d5 4. Bg2 Be7 5. c4 dxc4 6. 0-0 0-0 7. Qc2 a6 8. a4 Nbd7 9. Qxc4 b5 10. Qc2 Bb7 11. Ne5 Bxg2 12. Kxg2 Nxe5 13. dxe5 Qd5+ 14. f3 Qxe5 15. Bf4 Qc5 16. Qxc5 Bxc5 17. Bxc7 Nd5 18. Bf4 b4 19. Nd2 Be3 20. Nc4 Bxf4 21. gxf4 Rac8 22. b3 Nxf4+ 23. Kf2 Nd5 24. Rfd1 Rfd8 25. e4 Nc3 26. Rxd8+ Rxd8 27. Ke3 f6 28. Rg1 e5 29. Rg2 Nd1+ 30. Ke2 Kf7 31. Na5 Rd6 32. Nb7 Nc3+ 33. Ke3 Rd1 34. Nc5 g6 35. Nxa6 f5 36. Rc2 f4+ 37. Kf2 Rd4 38. Kg2 g5 39. Nxb4 Nd1 40. Nd5 h5 41. a5 Rd3 42. a6 Rxb3 43. a7 Ra3 44. Rc7+ Kg6 45. Nb6 g4 46. a8Q gxf3+ 47. Kg1 f2+ 48. Kf1 Ne3+ 49. Kxf2 Ng4+ 50. Kg1 1-0

[Event "Solta op 4th"]
[Site "Grohote"]
[Date "2021.08.13"]
[Round "7"]
[White "Stocko, Josip"]
[Black "Huis, Dinko"]
[Result "1-0"]
[WhiteElo "2215"]
[BlackElo "2138"]
[PlyCount "67"]
[EventDate "2021.08.08"]
[EventType "swiss"]
[EventRounds "9"]
[EventCountry "CRO"]
[SourceTitle "CBM 203 Extra"]
[Source "ChessBase"]
[SourceDate "2021.09.30"]
[SourceVersion "1"]
[SourceVersionDate "2021.09.30"]
[SourceQuality "1"]

1. e4 c5 2. Nf3 a6 3. Nc3 d6 4. d4 cxd4 5. Nxd4 Nf6 6. Bg5 e6 7. f4 Be7 8. Qf3 Qc7 9. 0-0-0 0-0 10. Qg3 Nbd7 11. Bh6 Ne8 12. h4 Kh8 13. Bg5 Nef6 14. Bd3 b5 15. Rde1 b4 16. Nd1 Qb6 17. Nf3 Nc5 18. Kb1 b3 19. a3 bxc2+ 20. Bxc2 Rb8 21. Nd2 Bd7 22. e5 dxe5 23. fxe5 Nd5 24. Bxe7 Nxe7 25. Nc4 Qb5 26. Nd6 Qa5 27. Qc3 Qb6 28. h5 Nd5 29. Qd4 f5 30. exf6 Nxf6 31. h6 Na4 32. hxg7+ Kxg7 33. Rxh7+ Kg8 34. Qh4 1-0

[Event "Split op 10th"]
[Site "Split"]
[Date "2021.08.07"]
[Round "9"]
[White "Zelcic, Robert"]
[Black "Stocko, Josip"]
[Result "1-0"]
[WhiteElo "2530"]
[BlackElo "2215"]
[PlyCount "53"]
[EventDate "2021.07.31"]
[EventType "swiss"]
[EventRounds "9"]
[EventCountry "CRO"]
[SourceTitle "CBM 203 Extra"]
[Source "ChessBase"]
[SourceDate "2021.09.30"]
[SourceVersion "1"]
[SourceVersionDate "2021.09.30"]
[SourceQuality "1"]

1. e4 c5 2. Nf3 d6 3. d4 cxd4 4. Qxd4 Nf6 5. Nc3 Nc6 6. Bb5 Nd7 7. Qa4 Nb6 8. Qb3 e6 9. Be3 Be7 10. a4 0-0 11. 0-0 Nd7 12. Rfd1 Qc7 13. Be2 a6 14. Nd2 Rb8 15. Qc4 Qa5 16. f4 Bd8 17. Nb3 Qb4 18. Qd3 Bb6 19. a5 Bxe3+ 20. Qxe3 Nc5 21. Ra4 Nxa4 22. Na2 Nxb2 23. Nxb4 Nxd1 24. Qd2 Nb2 25. Nxc6 bxc6 26. Qxd6 Bb7 27. Qa3 1-0

[Event "Split op 10th"]
[Site "Split"]
[Date "2021.08.03"]
[Round "5"]
[White "Lohvinov, Petro"]
[Black "Stocko, Josip"]
[Result "1-0"]
[WhiteElo "2108"]
[BlackElo "2215"]
[PlyCount "75"]
[EventDate "2021.07.31"]
[EventType "swiss"]
[EventRounds "9"]
[EventCountry "CRO"]
[SourceTitle "CBM 203 Extra"]
[Source "ChessBase"]
[SourceDate "2021.09.30"]
[SourceVersion "1"]
[SourceVersionDate "2021.09.30"]
[SourceQuality "1"]

1. e4 c5 2. Nf3 d6 3. d4 cxd4 4. Qxd4 Nf6 5. Be2 Nc6 6. Qe3 e5 7. c4 Be7 8. 0-0 0-0 9. Nc3 h6 10. h3 Nh7 11. Rd1 b6 12. b3 Be6 13. Ba3 Qb8 14. Nd5 Bxd5 15. exd5 Nd8 16. Nxe5 Bg5 17. f4 Re8 18. fxg5 Rxe5 19. Qf2 Nxg5 20. Bd3 Nb7 21. Bb2 Re8 22. Re1 Nc5 23. Bc2 Qc7 24. b4 Rxe1+ 25. Rxe1 Nh7 26. Qf5 Nf8 27. Qg4 f6 28. Bxf6 Qf7 29. Bd4 Ncd7 30. Re6 h5 31. Qg3 Ne5 32. Bxe5 dxe5 33. Rxe5 Qf6 34. Qg5 Qd6 35. Qe7 Qh6 36. Rg5 Nh7 37. Bxh7+ Kxh7 38. d6 1-0

[Event "Konjic 10th"]
[Site "Konjic"]
[Date "2021.03.02"]
[Round "7"]
[White "Stocko, Josip"]
[Black "Muratovic, Efim"]
[Result "0-1"]
[WhiteElo "2230"]
[BlackElo "2365"]
[PlyCount "64"]
[EventDate "2021.02.26"]
[EventType "tourn"]
[EventRounds "9"]
[EventCountry "BIH"]
[EventCategory "3"]
[SourceTitle "CBM 201 Extra"]
[Source "ChessBase"]
[SourceDate "2021.05.31"]
[SourceVersion "1"]
[SourceVersionDate "2021.05.31"]
[SourceQuality "1"]

1. e4 c5 2. Nf3 e6 3. d4 cxd4 4. Nxd4 Nf6 5. Nc3 d6 6. g4 h6 7. h4 Nc6 8. Rg1 d5 9. g5 hxg5 10. hxg5 Nxe4 11. Nxc6 Nxc3 12. Nxd8 Nxd1 13. Nxf7 Kxf7 14. Kxd1 Bc5 15. Ke2 e5 16. Be3 Bxe3 17. Kxe3 Bf5 18. c3 Rad8 19. Rd1 Rh4 20. Bg2 Ke6 21. Bf3 b5 22. Rh1 Rf4 23. a3 a5 24. Be2 b4 25. axb4 axb4 26. Ra1 bxc3 27. bxc3 Rc8 28. Ra6+ Kf7 29. Ra7+ Kg8 30. g6 Rxc3+ 31. Kd2 Rc2+ 32. Kd1 Rd4+ 0-1

[Event "Krk Golden Island op"]
[Site "Malinska"]
[Date "2020.11.06"]
[Round "3"]
[White "Doric, Nenad"]
[Black "Stocko, Josip"]
[Result "1/2-1/2"]
[WhiteElo "2249"]
[BlackElo "2241"]
[PlyCount "82"]
[EventDate "2020.11.05"]
[EventType "swiss"]
[EventRounds "5"]
[EventCountry "CRO"]
[SourceTitle "CBM 199 Extra"]
[Source "ChessBase"]
[SourceDate "2021.01.31"]
[SourceVersion "1"]
[SourceVersionDate "2021.01.31"]
[SourceQuality "1"]

1. d4 Nf6 2. c4 e6 3. Nf3 d5 4. Nc3 c6 5. Bg5 Nbd7 6. cxd5 exd5 7. e3 h6 8. Bh4 g5 9. Bg3 Nh5 10. Be5 Nxe5 11. Nxe5 Nf6 12. Bd3 Bg7 13. Qc2 Be6 14. 0-0 Nd7 15. f4 Nxe5 16. fxe5 0-0 17. Ne2 f6 18. exf6 Rxf6 19. Ng3 Rxf1+ 20. Rxf1 Qe7 21. Bh7+ Kh8 22. Bg6 Rf8 23. Rxf8+ Bxf8 24. Qe2 c5 25. dxc5 Qxc5 26. Qd2 Qb6 27. Qd4+ Qxd4 28. exd4 Bg7 29. Ne2 Bg4 30. Kf2 Kg8 31. h3 Bxe2 32. Kxe2 Bxd4 33. b3 Kg7 34. Bf5 Kf6 35. Bc8 b6 36. Kd3 Ke5 37. Bb7 h5 38. a4 a5 39. Ba8 Bb2 40. Bb7 Kd6 41. Ba8 Kc5 1/2-1/2

[Event "Oberliga Baden 1920"]
[Site "Baden"]
[Date "2020.01.19"]
[Round "5.3"]
[White "Stocko, Josip"]
[Black "Schmider, Niklas"]
[Result "0-1"]
[WhiteElo "2304"]
[BlackElo "2261"]
[PlyCount "90"]
[EventDate "2019.09.29"]
[EventType "team-tourn"]
[EventRounds "9"]
[EventCountry "GER"]
[SourceTitle "CBM 195 Extra"]
[Source "ChessBase"]
[SourceDate "2020.05.31"]
[SourceVersion "1"]
[SourceVersionDate "2020.05.31"]
[SourceQuality "1"]
[WhiteTeam "Emmendingen II"]
[BlackTeam "Baden-Baden III"]
[WhiteTeamCountry "GER"]
[BlackTeamCountry "GER"]

1. e4 c5 2. Nf3 d6 3. d4 cxd4 4. Nxd4 Nf6 5. Nc3 a6 6. Bd3 Nc6 7. Nxc6 bxc6 8. b3 g6 9. Bb2 Bg7 10. 0-0 0-0 11. Na4 c5 12. e5 dxe5 13. Bxe5 Qd5 14. Qe2 Bb7 15. f3 Rad8 16. Rad1 Qc6 17. Bc4 Rc8 18. Bc3 e6 19. Qe5 Nh5 20. Qe3 Nf6 21. Qe5 Nh5 22. Qe1 Nf6 23. Be5 Nd5 24. Bxg7 Kxg7 25. Qa5 h5 26. Rfe1 h4 27. Bxd5 exd5 28. Qb6 Qc7 29. Qxc7 Rxc7 30. Kf2 a5 31. Re5 c4 32. Rd2 Kf6 33. f4 cxb3 34. cxb3 Rd8 35. Nb6 Kg7 36. Rd4 Rc6 37. Na4 Rdc8 38. Re2 Rc1 39. Nb6 R8c6 40. Nxd5 Ba6 41. Re7 R6c2+ 42. Kf3 Rf1+ 43. Kg4 Rxg2+ 44. Kxh4 Rh1 45. h3 Bc8 0-1

[Event "Bosnjaci op 25th"]
[Site "Bosnjaci"]
[Date "2020.01.07"]
[Round "7"]
[White "Nikic, Patrick"]
[Black "Stocko, Josip"]
[Result "1-0"]
[WhiteElo "2076"]
[BlackElo "2262"]
[PlyCount "109"]
[EventDate "2020.01.03"]
[EventType "swiss"]
[EventRounds "9"]
[EventCountry "CRO"]
[SourceTitle "CBM 194 Extra"]
[Source "ChessBase"]
[SourceDate "2020.03.31"]
[SourceVersion "1"]
[SourceVersionDate "2020.03.31"]
[SourceQuality "1"]

1. e4 g6 2. d4 Bg7 3. Nc3 d6 4. f4 a6 5. Nf3 b5 6. Bd3 Bb7 7. e5 c5 8. Be4 d5 9. Bd3 c4 10. Bf1 Nh6 11. g3 0-0 12. Bh3 Nc6 13. 0-0 Bc8 14. Bg2 e6 15. Ne2 Bd7 16. h3 f5 17. exf6 Bxf6 18. g4 Nf7 19. Be3 Be7 20. Qd2 b4 21. Ng3 Nd6 22. c3 a5 23. Ne5 Bh4 24. Kh2 Rb8 25. Rf2 a4 26. a3 bxc3 27. bxc3 Rb3 28. Raf1 Ne7 29. f5 exf5 30. Bh6 f4 31. Rxf4 Rxf4 32. Qxf4 Bf5 33. gxf5 Ndxf5 34. Nxf5 Nxf5 35. Ng4 Bg3+ 36. Qxg3 Nxg3 37. Bxd5+ Kh8 38. Rf8+ Qxf8 39. Bxf8 Nf5 40. Bb4 Rb2+ 41. Kg1 h5 42. Ne5 Ne3 43. Bxc4 g5 44. Bd3 Rg2+ 45. Kh1 Rd2 46. c4 Rd1+ 47. Kh2 Kg7 48. d5 Kf6 49. Nd7+ Kf7 50. Be2 Rc1 51. Bxh5+ Kg7 52. Ne5 Kf6 53. d6 g4 54. Nxg4+ Nxg4+ 55. Bxg4 1-0

[Event "Bosnjaci op 25th"]
[Site "Bosnjaci"]
[Date "2020.01.06"]
[Round "6"]
[White "Stocko, Josip"]
[Black "Matic, Zeljko"]
[Result "1/2-1/2"]
[WhiteElo "2262"]
[BlackElo "2142"]
[PlyCount "47"]
[EventDate "2020.01.03"]
[EventType "swiss"]
[EventRounds "9"]
[EventCountry "CRO"]
[SourceTitle "CBM 194 Extra"]
[Source "ChessBase"]
[SourceDate "2020.03.31"]
[SourceVersion "1"]
[SourceVersionDate "2020.03.31"]
[SourceQuality "1"]

1. e4 g6 2. d4 Bg7 3. Nc3 d6 4. Be3 a6 5. Qd2 Nd7 6. Nf3 b5 7. Bd3 c5 8. dxc5 dxc5 9. 0-0 Ngf6 10. h3 Qc7 11. Bh6 0-0 12. Rfe1 e5 13. Bf1 Bb7 14. Bxg7 Kxg7 15. a4 b4 16. Nd5 Nxd5 17. exd5 Qd6 18. Rad1 f6 19. c4 Rae8 20. Qc2 Rf7 21. h4 Nf8 22. Nd2 f5 23. Nb3 Bc8 24. Qd2 1/2-1/2

[Event "Zadar op-A 26th"]
[Site "Zadar"]
[Date "2019.12.18"]
[Round "5"]
[White "Stocko, Josip"]
[Black "Hrescak, Ivana"]
[Result "1-0"]
[WhiteElo "2267"]
[BlackElo "2194"]
[PlyCount "79"]
[EventDate "2019.12.15"]
[EventType "swiss"]
[EventRounds "9"]
[EventCountry "CRO"]
[SourceTitle "CBM 193 Extra"]
[Source "ChessBase"]
[SourceDate "2020.01.31"]
[SourceVersion "1"]
[SourceVersionDate "2020.01.31"]
[SourceQuality "1"]

1. e4 c5 2. Nf3 d6 3. d4 cxd4 4. Nxd4 Nf6 5. Nc3 a6 6. h3 e5 7. Nde2 h5 8. g3 Be7 9. Bg2 b5 10. 0-0 Bb7 11. Kh2 Nbd7 12. Be3 Rc8 13. a4 b4 14. Nd5 Bxd5 15. exd5 Nb6 16. b3 Nbd7 17. a5 Qc7 18. Qd2 0-0 19. Rfc1 Rb8 20. c3 Qb7 21. Ra4 bxc3 22. Rxc3 Qb5 23. Nc1 Rbc8 24. Rc6 Rb8 25. Qd3 Qxd3 26. Nxd3 Rxb3 27. Nb4 Kh7 28. Rxa6 Re8 29. Ra7 Bd8 30. Nc6 Kg6 31. a6 Nb6 32. Bxb6 Rxb6 33. Ra8 Nd7 34. Rxd8 Rxd8 35. Nxd8 Rb8 36. Nc6 Rh8 37. a7 Nb6 38. Rb4 Na8 39. Rb8 Kh7 40. Nd8 1-0

[Event "Hum na Sutli op 13th"]
[Site "Hum na Sutli"]
[Date "2019.08.31"]
[Round "9"]
[White "Rogulj, Branko"]
[Black "Stocko, Josip"]
[Result "1-0"]
[WhiteElo "2410"]
[BlackElo "2283"]
[PlyCount "79"]
[EventDate "2019.08.24"]
[EventType "swiss"]
[EventRounds "9"]
[EventCountry "CRO"]
[SourceTitle "EXT 2020"]
[Source "ChessBase"]
[SourceDate "2019.10.17"]
[SourceVersion "1"]
[SourceVersionDate "2019.10.17"]
[SourceQuality "1"]

1. e4 c5 2. Nc3 e6 3. Nge2 a6 4. g3 Nc6 5. Bg2 Nf6 6. d4 cxd4 7. Nxd4 Qc7 8. 0-0 Be7 9. Re1 Nxd4 10. Qxd4 d5 11. b3 e5 12. Qd3 Be6 13. Nxd5 Nxd5 14. exd5 Bd7 15. f4 0-0 16. Bb2 f6 17. a4 b5 18. fxe5 fxe5 19. axb5 Bxb5 20. c4 Bd7 21. Be4 Qb6+ 22. Qe3 Qxe3+ 23. Rxe3 Bg5 24. Rd3 a5 25. Ba3 Rf6 26. h4 Bh6 27. Rf1 a4 28. b4 Rc8 29. Rxf6 gxf6 30. c5 f5 31. Bg2 e4 32. Rc3 Bg7 33. Rc1 Bd4+ 34. Kh2 Be8 35. Bh3 Bg6 36. c6 h5 37. b5 e3 38. Bf1 f4 39. gxf4 Be4 40. Rc4 1-0

[Event "Split op 9th"]
[Site "Split"]
[Date "2019.08.10"]
[Round "8"]
[White "Seres, Bela"]
[Black "Stocko, Josip"]
[Result "0-1"]
[WhiteElo "2161"]
[BlackElo "2283"]
[PlyCount "60"]
[EventDate "2019.08.03"]
[EventType "swiss"]
[EventRounds "9"]
[EventCountry "CRO"]
[SourceTitle "CBM 191 Extra"]
[Source "ChessBase"]
[SourceDate "2019.09.30"]
[SourceVersion "1"]
[SourceVersionDate "2019.09.30"]
[SourceQuality "1"]

1. e4 c5 2. Nf3 d6 3. d4 cxd4 4. Nxd4 Nf6 5. Nc3 a6 6. Bg5 e6 7. f4 Be7 8. Qf3 Nbd7 9. Be2 Qc7 10. 0-0-0 0-0 11. g4 b5 12. Bxf6 Bxf6 13. g5 Be7 14. a3 Bb7 15. h4 Rfc8 16. g6 hxg6 17. h5 g5 18. Rdg1 Bf6 19. Rd1 gxf4 20. Rhg1 Qc5 21. Nb3 Qe5 22. Rd4 Nc5 23. Rgd1 a5 24. Kb1 b4 25. axb4 axb4 26. Rxb4 Na4 27. Rxa4 Rxa4 28. Nxa4 Bxe4 29. Qf1 Bxc2+ 30. Ka2 Ra8 0-1